The ecological footprint as a sustainability metric : implications for sustainability
This book examines the Ecological Footprint and biocapacity accounting within an applied development content for Costa Rica. By doing so, it is possible to track changes as well as perhaps link these to overarching global issues, such as trade, globalization, and food security, among other emergent...
Saved in:
| Main Author | |
|---|---|
| Format | Electronic eBook |
| Language | English |
| Published |
Cham, Switzerland :
Springer,
[2021]
|
| Series | SpringerBriefs in environmental science,
|
| Subjects | |
| Online Access | Full text |
| ISBN | 9783030626662 9783030626655 |
| ISSN | 2191-5547 |
| Physical Description | 1 online zdroj (xi, 107 stran) : ilustrace |
Cover
| LEADER | 00000nam a2200000 i 4500 | ||
|---|---|---|---|
| 001 | 115503 | ||
| 003 | CZ-ZlUTB | ||
| 005 | 20260416150146.0 | ||
| 006 | m o d | ||
| 007 | cr nn||||mamaa | ||
| 008 | 210127s2021 sz a ob 001 0 eng d | ||
| 040 | |a EBZ |b eng |c EBZ |e rda | ||
| 020 | |a 9783030626662 |q (electronic bk.) | ||
| 020 | |z 9783030626655 | ||
| 024 | 7 | |a 10.1007/978-3-030-62666-2 |2 doi | |
| 043 | |a nccr--- | ||
| 100 | 1 | |a Thornbush, Mary J. |q (Mary Jessica), |d 1974- |e author. | |
| 245 | 1 | 4 | |a The ecological footprint as a sustainability metric : |b implications for sustainability / |c Mary J. Thornbush. |
| 264 | 1 | |a Cham, Switzerland : |b Springer, |c [2021] | |
| 300 | |a 1 online zdroj (xi, 107 stran) : |b ilustrace | ||
| 336 | |a text |b txt |2 rdacontent | ||
| 337 | |a počítač |b c |2 rdamedia | ||
| 338 | |a online zdroj |b cr |2 rdacarrier | ||
| 490 | 1 | |a SpringerBriefs in environmental science, |x 2191-5547 | |
| 506 | |a Plný text je dostupný pouze z IP adres počítačů Univerzity Tomáše Bati ve Zlíně nebo vzdáleným přístupem pro zaměstnance a studenty | ||
| 520 | |a This book examines the Ecological Footprint and biocapacity accounting within an applied development content for Costa Rica. By doing so, it is possible to track changes as well as perhaps link these to overarching global issues, such as trade, globalization, and food security, among other emergent topics based findings stemming from this methodology. Based on a timeseries since 1961, it is possible to track cross-temporal changes of land-type categories (for crop land, grazing land, forest land, fishing ground, built-up land, and carbon) of the Ecological Footprint and biocapacity conveying whether a country is in ecological deficit and what may be contributing to such a trend. | ||
| 505 | 0 | |a Introduction -- The ecological footprint -- Biocapacity accounting -- Case study -- Methods -- Case Study -- Findings -- Implications -- Conclusion. | |
| 504 | |a Obsahuje bibliografické odkazy a index. | ||
| 588 | 0 | |a Online resource; title from PDF title page (SpringerLink, viewed March 11, 2021). | |
| 650 | 0 | |a Environmental economics |z Costa Rica |v Case studies. | |
| 650 | 0 | |a Nature |x Effect of human beings on |z Costa Rica |v Case studies. | |
| 650 | 0 | |a Environmental responsibility |z Costa Rica |v Case studies. | |
| 650 | 0 | |a Sustainable development |z Costa Rica |v Case studies. | |
| 650 | 0 | |a Economic development |x Environmental aspects |z Costa Rica |v Case studies. | |
| 650 | 0 | |a Human ecology |z Costa Rica |v Case studies. | |
| 650 | 0 | |a Sustainable development. | |
| 650 | 0 | |a Natural resources. | |
| 650 | 0 | |a Environmental management. | |
| 655 | 7 | |a elektronické knihy |7 fd186907 |2 czenas | |
| 655 | 9 | |a electronic books |2 eczenas | |
| 776 | 0 | 8 | |i Print version: |z 9783030626655 |
| 830 | 0 | |a SpringerBriefs in environmental science, |x 2191-5547 | |
| 856 | 4 | 0 | |u https://search.ebscohost.com/login.aspx?direct=true&scope=site&db=nlebk&db=nlabk&AN=2737331&authtype=ip,shib&custid=s3936755 |
| 992 | |c EBOOK-TN |c EBSCO | ||
| 993 | |x NEPOSILAT |y EIZ | ||
| 999 | |c 115503 |d 115503 | ||